logo

Bir Sreshtho Munshi Abdur Rouf Library
Jhenaidah Cadet College

গ্রাফোসওম্যানের নতুন ভূচিত্রাবলী : (Record no. 11441)

MARC details
000 -LEADER
fixed length control field 00929nam a2200217 a 4500
001 - CONTROL NUMBER
JCCL Control Number 11441
003 - CONTROL NUMBER IDENTIFIER
JCCL marc code BD-JhCC
005 - DATE AND TIME OF LATEST TRANSACTION
control field 20190917134018.0
008 - FIXED-LENGTH DATA ELEMENTS--GENERAL INFORMATION
fixed length control field 190916s 2017bg a|||| ||a| 000 0 ben d
035 ## - SYSTEM CONTROL NUMBER
system control number (BD-JhCC)11441
040 ## - CATALOGING SOURCE
Original cataloging agency BD-JhCC
Modifying agency BD-JhCC
041 ## - LANGUAGE CODE
Language code of Book ben
082 ## - DEWEY DECIMAL CLASSIFICATION NUMBER
Author mark and Year GRA 2017
245 ## - TITLE STATEMENT
Title গ্রাফোসওম্যানের নতুন ভূচিত্রাবলী :
Remainder of title মানচিত্রে দেশ বিদেশ /
Statement of responsibility, etc সম্পাদনা: মো: আবু জাফর হাওলাদার ।
260 ## - PUBLICATION, DISTRIBUTION, ETC. (IMPRINT)
Place of publication, distribution, etc ঢাকা:
Name of publisher, distributor, etc গ্রাফোসওম্যান পাবলিকেশন এন্ড প্রিন্টিং;
Date of publication, distribution, etc ২০১৭.
300 ## - PHYSICAL DESCRIPTION
Pagination ১৮৯ পৃ. :
Other physical details ill;
Dimensions ২৬ সেমি.
650 ## - SUBJECT ADDED ENTRY--TOPICAL TERM
Topical term or geographic name as entry element Atlas
Geographic subdivision Bagladesh
700 ## - ADDED ENTRY--PERSONAL NAME
Personal name হাওলাদার , মো: আবু জাফর
942 ## - ADDED ENTRY ELEMENTS (KOHA)
Source of classification or shelving scheme Dewey Decimal Classification
Koha item type Books
Koha issues (borrowed), all copies 1
Holdings
Source of classification or shelving scheme Damaged status Not for loan Home library Current library Shelving location Date of accession Cost, normal purchase price Total Checkouts Full call number Barcode Date last seen Date checked out Copy number Koha item type
Dewey Decimal Classification     JCC Rouf Library JCC Rouf Library General Stacks 09/16/2019 440.00 3 912 GRA 2017 15664 11/12/2024 11/05/2024 C-1 Books
Dewey Decimal Classification     JCC Rouf Library JCC Rouf Library General Stacks 09/16/2019 440.00   912 GRA 2017 15665 09/16/2019   C-2 Books
Dewey Decimal Classification     JCC Rouf Library JCC Rouf Library General Stacks 09/16/2019 440.00   912 GRA 2017 15666 09/16/2019   C-3 Books

JCC Library | Contacts | JCC Home

Last Update on 23 September 2017
Copyright @ 2017-2020 JCC Rouf Library
Rouf Library, Jhenidah Cadet College (JCC), Bangladesh